| 000 | 00378nam a2200133Ia 4500 | ||
|---|---|---|---|
| 008 | 250604s9999 xx 000 0 und d | ||
| 082 | _a891.439 YAS | ||
| 100 | _aYasmeen, Samina | ||
| 245 | 0 | _aRooh Tujhse Kalaam Karti Hai (روح تجھ سے کلام کرتی ہے) | |
| 260 |
_aLahore: _bInheraf Publications, _c2017 |
||
| 300 | _a128p. | ||
| 600 | _aLiterature | ||
| 942 | _cGB | ||
| 999 |
_c31380 _d31380 |
||